Catálogo

Science and religion : (Registro nro. 67658)

Detalles MARC
000 -LEADER
fixed length control field 00956cam a2200277 i 4500
001 - CONTROL NUMBER
control field 67658
003 - CONTROL NUMBER IDENTIFIER
control field Mx-PuUPA
005 - DATE AND TIME OF LATEST TRANSACTION
control field 20230117082032.0
008 - FIXED-LENGTH DATA ELEMENTS--GENERAL INFORMATION
fixed length control field 140415s2011 sp r 000 0 eng d
020 ## - INTERNATIONAL STANDARD BOOK NUMBER
International Standard Book Number 9781107404113
Qualifying information rústica
040 ## - CATALOGING SOURCE
Original cataloging agency MX-PuUPA
Language of cataloging spa
Description conventions rda
Transcribing agency Mx-PuUPA
Modifying agency Mx-PuUPA
041 0# - LANGUAGE CODE
Language code of text/sound track or separate title eng
245 00 - TITLE STATEMENT
Title Science and religion :
Remainder of title new historical perspectives /
Statement of responsibility, etc. edited by Thomas Dixon, Geoffrey Cantor, and Stephen Pumfrey.
264 #1 - PRODUCTION, PUBLICATION, DISTRIBUTION, MANUFACTURE, AND COPYRIGHT NOTICE
Place of production, publication, distribution, manufacture New York :
Name of producer, publisher, distributor, manufacturer Cambridge University Press,
Date of production, publication, distribution, manufacture, or copyright notice 2011
300 ## - PHYSICAL DESCRIPTION
Extent xiv, 315 páginas ;
Dimensions 23 cm
336 ## - CONTENT TYPE
Content type term texto
Fuente rdacontent
Content type code txt
337 ## - MEDIA TYPE
Media type term sin medio
Source rdamedia
Media type code n
338 ## - CARRIER TYPE
Carrier type term volumen
Source rdacarrier
Carrier type code nc
650 #7 - SUBJECT ADDED ENTRY--TOPICAL TERM
Topical term or geographic name entry element Religión y ciencia
General subdivision Historia
Source of heading or term armarc
700 1# - ADDED ENTRY--PERSONAL NAME
Personal name Dixon, Thomas,
Dates associated with a name 1864-1946
Personal name editor
700 1# - ADDED ENTRY--PERSONAL NAME
Personal name Cantor, Geoffrey
Relator term editor
9 (RLIN) 59
700 1# - ADDED ENTRY--PERSONAL NAME
Personal name Pumfrey, Stephen,
Relator term editor
942 ## - ADDED ENTRY ELEMENTS (KOHA)
Classification part 201.65
Item part S416
Koha item type Libro
Source of classification or shelving scheme Dewey Decimal Classification
Existencias
Withdrawn status Lost status Source of classification or shelving scheme Damaged status Not for loan Collection code Home library Current library Shelving location Date acquired Source of acquisition Total Checkouts Full call number Barcode Date last seen Date last checked out Price effective from Koha item type
    Dewey Decimal Classification     General Centro de Estudios en Ciencia y Religión Centro de Estudios en Ciencia y Religión Sala general 16/08/2017 Compra   201.65 S416 2011 98342 05/01/2026 16/10/2017 17/01/2018 Libro